00258nam a2200109Ia 4500008004100000041001200041082001100053100002100064245005100085260000600136650000600142221030s9999 xx 000 0 und d aEnglish a105.23 aB. Yegnanarayana 0aArtifical Neural Networkscby B. Yegnanarayana c0 aB